书目信息 |
| 题名: |
信笔抒怀
|
|
| 作者: | 葛守信, 著 ;屈培青 , 朱原野 参编 | |
| 分册: | ||
| 出版信息: | 北京 中国建筑工业出版社 2023.12 |
|
| 页数: | 125页 | |
| 开本: | 27x27cm | |
| 丛书名: | ||
| 单 册: | ||
| 中图分类: | TU204.132 | |
| 科图分类: | ||
| 主题词: | 建筑画--jian zhu hua--中国--现代--作品集 | |
| 电子资源: | ||
| ISBN: | 978-7-112-29367-4 | |
| 000 | 01567nam0 2200277 450 | |
| 001 | 2437427344 | |
| 005 | 20251203155922.63 | |
| 010 | @a978-7-112-29367-4@b精装@dCNY188.00 | |
| 100 | @a20240229d2023 em y0chiy0120 ea | |
| 101 | 0 | @achi |
| 102 | @aCN@b110000 | |
| 105 | @aa z 000yy | |
| 200 | 1 | @a信笔抒怀@Axin bi shu huai@e葛守信城市建筑绘画@f葛守信著 |
| 210 | @a北京@c中国建筑工业出版社@d2023.12 | |
| 215 | @a125页@c图 (部分彩图)@d27x27cm | |
| 314 | @a版权页题: 参编人员屈培青, 朱原野, 徐健生, 王琦, 葛睿婷等 | |
| 314 | @a葛守信, 1941年出生于四川, 1964年毕业于南京工学院建筑系; 1964-1991年, 中国建筑西北设计研究院室主任建筑师、院副总建筑师; 1991年, 海口城建开发总公司总工程师。 | |
| 330 | @a本书共收录52幅葛守信建筑画精品合集, 其中包括了张家界、黄果树瀑布、流水别墅等众多优秀建筑绘画。建筑画是一种以建筑为主体的绘画, 建筑画所表达的建筑具有地域特色、文化属性等要素, 可以是想象中的建筑, 也可以是实际存在的建筑, 包括建筑的整体、局部或群体空间。有人说建筑画就是建筑师的画, 因为建筑师一见到感兴趣的东西, 立马就用手中的笔速写下来, 脑子一热就勾画出一个构思草图, 甚至在睡梦中醒来即刻把梦中的方案记录下来, 生怕失去新鲜感。所以说建筑画是建筑师思维活动的记录, 也是建筑师惯用的艺术语言。 | |
| 517 | 1 | @a葛守信城市建筑绘画@Age shou xin cheng shi jian zhu hui hua |
| 606 | 0 | @a建筑画@Ajian zhu hua@y中国@z现代@j作品集 |
| 690 | @aTU204.132@v5 | |
| 701 | 0 | @a葛守信,@Age shou xin@f1941-@4著 |
| 702 | 0 | @a屈培青@Aqu pei qing@4参编 |
| 702 | 0 | @a朱原野@Azhu yuan ye@4参编 |
| 801 | 0 | @aCN@b河南城建学院图书馆@c20240229 |
| 905 | @dTU204.132@eG313@f1@sTU204.132/G313 | |
| 信笔抒怀:葛守信城市建筑绘画/葛守信著.-北京:中国建筑工业出版社,2023.12 |
| 125页:图 (部分彩图);27x27cm |
| ISBN 978-7-112-29367-4(精装):CNY188.00 |
| 本书共收录52幅葛守信建筑画精品合集, 其中包括了张家界、黄果树瀑布、流水别墅等众多优秀建筑绘画。建筑画是一种以建筑为主体的绘画, 建筑画所表达的建筑具有地域特色、文化属性等要素, 可以是想象中的建筑, 也可以是实际存在的建筑, 包括建筑的整体、局部或群体空间。有人说建筑画就是建筑师的画, 因为建筑师一见到感兴趣的东西, 立马就用手中的笔速写下来, 脑子一热就勾画出一个构思草图, 甚至在睡梦中醒来即刻把梦中的方案记录下来, 生怕失去新鲜感。所以说建筑画是建筑师思维活动的记录, 也是建筑师惯用的艺术语言。 |
| ● |
| 相关链接 |
|
|
|
正题名:信笔抒怀
索取号:TU204.132/G313
 
预约/预借
| 序号 | 登录号 | 条形码 | 馆藏地/架位号 | 状态 | 备注 |
| 1 | 1556503 | 215565038 | 建筑与城市规划学院资料室/ [索取号:TU204.132/G313] | 在馆 | |
| 2 | 1556504 | 215565047 | 建筑与城市规划学院资料室/ [索取号:TU204.132/G313] | 在馆 | |
| 3 | 21612493 | 216124931 | 建筑库101/101建筑库 111排4列5层/ [索取号:TU204.132/G313] | 在馆 |